Visions Of Black Economic Empowerment (Record no. 762254)

MARC details
000 -LEADER
fixed length control field 00407nam a22001577a 4500
003 - CONTROL NUMBER IDENTIFIER
control field 330010
005 - DATE AND TIME OF LATEST TRANSACTION
control field 20250618114108.0
008 - FIXED-LENGTH DATA ELEMENTS--GENERAL INFORMATION
fixed length control field 240220b sa ||||| |||| 00| 0 eng d
020 ## - INTERNATIONAL STANDARD BOOK NUMBER
International Standard Book Number 9781770093584
040 ## - CATALOGING SOURCE
Transcribing agency 3228
050 ## - LIBRARY OF CONGRESS CALL NUMBER
Classification number R 331.1330968 VISI
245 ## - TITLE STATEMENT
Title Visions Of Black Economic Empowerment
260 ## - PUBLICATION, DISTRIBUTION, ETC.
Place of publication, distribution, etc. Auckland Park
Name of publisher, distributor, etc. Jacana Media
Date of publication, distribution, etc. 2007
300 ## - PHYSICAL DESCRIPTION
Extent 231 pages
Dimensions 21 cm
942 ## - ADDED ENTRY ELEMENTS
Source of classification or shelving scheme Dewey Decimal Classification
item type Book
-- 190
-- Dudu Mondlane
Holdings
Withdrawn status Lost status Source of classification or shelving scheme Damaged status Not for loan Collection code Home library Current library Shelving location Date acquired Total Checkouts Full call number Barcode Date last seen Price effective from item type
    Dewey Decimal Classification     300: Social Science Kanyamazane Kanyamazane Reference 20.02.2024   R 331.1330968 VISI 33228023290594 20.02.2024 20.02.2024 Book
    Dewey Decimal Classification     300: Social Science Kanyamazane Kanyamazane Non Fiction 18.06.2025   338.040968 MAR 3322810056858 18.06.2025 18.06.2025 Book